Представление документа в формате RUSMARC

ПолеНазваниеЗначение
  Тип записи a
  Библиографический уровень m
001 Контрольный номер LIBNET\0001528904
005 Дата корректировки 20260421102347.1
010 Индекс ISBN __
a ISBN 978-5-392-45007-7
9 Тираж 7000 экз.
b Уточнения в пер.
100 Данные общей обработки __
a Данные общей обработки 20260401d2026 u y0rusy0189 ca
101 Язык документа 0_
a Язык текста rus
102 Страна публикации __
a Страна публикации RU
105 Кодированные данные (монография) __
a Кодированные данные (монография) a j 001ay
200 Заглавие и сведения об ответственности 1_
a Заглавие Евгений Онегин
e Сведения, относящиеся к заглавию роман в стихах
e Сведения, относящиеся к заглавию подробный иллюстрированный комментарий
e Сведения, относящиеся к заглавию учебное пособие
f Первые сведения об ответственности А. С. Пушкин
g Последующие сведения об ответственности текст комментариев, подбор иллюстраций Леонида Рожникова
203 Вид содержания и тип средства __
a Вид содержания Текст
a Вид содержания Изображение
b Характеристика содержания визуальные
c Тип средства непосредственные
205 Сведения об издании __
a Основные сведения об издании Изд. 3-е, испр. и доп.
210 Выходные данные 1_
a Место издания Москва
c Издательство Проспект
d Дата издания 2026
215 Физическое описание __
a Объем 415 с.
c Иллюстрации/тип воспроизводства ил., цв. ил., факс.
d Формат 24 см
320 Библиография __
a Библиография Библиогр. в подстроч. примеч.
333 Примечание о целевом назначении __
a Примечание о целевом назначении 12+
606 Тематические рубрики 0_
a Основная рубрика Русская литература
z Хронологическая подрубрика 19 в.
606 Тематические рубрики 0_
a Основная рубрика Стихи (х. л.)
610 Ключевые слова 0_
a Ключевые слова русская литература 19 в.; стихи русские
686 Индексы других классификаций __
a Классификационный индекс 83.3(2=Рус)5-8
2 Код системы rubbk
686 Индексы других классификаций __
a Классификационный индекс 84Р1-5
2 Код системы rubbk
700 Автор _1
a Фамилия Пушкин
b Имя (инициалы) А. С.
f Даты 1799-1837
g Полное личное имя Александр Сергеевич
702 Вторичная интеллектуальная ответственность _1
a Фамилия Рожников
b Имя (инициалы) Л. В.
g Полное личное имя Леонид Владимирович
4 Код отношения 210
801 Источник записи _0
a Страна RU
b Организация РГБИ
g Правила каталогизации RCR
c Дата составления 20260206
801 Источник записи _1
a Страна RU
b Организация РГБИ
2 Код формата rusmarc
c Дата составления 20260206
801 Источник записи _2
a Страна RU
b Организация Ульяновская ОНБ
c Дата составления 20260401
g Правила каталогизации RCR
900 Электронные ресурсы __
a Имя электронного ресурса проспект20260025
900 Электронные ресурсы __
a Имя электронного ресурса проспект20260026
901 Тип документа __
t Тип документа m
909 Создатель записи __
a Создатель записи Макушик
b Дата создания записи 20260401
910 Корректоры записи __
a Корректор записи Пряхина
b Дата внесения изменения в запись 20260421